|
|
|
|
| LEADER |
00562cam a2200193 a 4500 |
| 001 |
0000052642 |
| 005 |
20010225090000.0 |
| 040 |
|
|
|a mod
|
| 041 |
|
|
|a eng
|
| 020 |
0 |
0 |
|a 9838381179
|
| 090 |
0 |
0 |
|a 297.082
|b NAI
|
| 100 |
0 |
0 |
|a Nailah Farafishah
|
| 245 |
1 |
0 |
|a Penampilan dan personaliti wanita solehah
|c Nail ah Farafishah dan Siti Nur Sakinah
|
| 260 |
0 |
0 |
|a Kuala Lumpur
|b Syarikat Nurulhas
|c 1996
|
| 300 |
0 |
0 |
|a vii,154p.
|c 22cm
|
| 650 |
0 |
0 |
|a Muslim women
|
| 650 |
0 |
0 |
|a Women in Islam
|
| 700 |
0 |
0 |
|a Siti Nur Sarinah
|
| 999 |
|
|
|a 0182205
|b PUTD
|d BOOKS
|e Umum
|f PUTD
|j AVAILABLE
|q GOOD CONDITION
|